Govt. of
Madhya Pradesh

Life and Matter (Record no. 38390)

MARC details
000 -LEADER
fixed length control field 002880000a22001330004500
003 - CONTROL NUMBER IDENTIFIER
control field MACL
040 ## - CATALOGING SOURCE
Original cataloging agency MACL
090 ## - LOCALLY ASSIGNED LC-TYPE CALL NUMBER (OCLC); LOCAL CALL NUMBER (RLIN)
-- 38809
-- 38807
100 ## - MAIN ENTRY--PERSONAL NAME
Personal name Lodge, Sir Oliver
245 ## - TITLE STATEMENT
Title Life and Matter
260 ## - PUBLICATION, DISTRIBUTION, ETC. (IMPRINT)
Name of publisher, distributor, etc. Williams and Norgate
Date of publication, distribution, etc. 1911
650 ## - SUBJECT ADDED ENTRY--TOPICAL TERM
Topical term or geographic name as entry element Philosophy
942 ## - ADDED ENTRY ELEMENTS (KOHA)
Koha item type Library Membar
Call number prefix 100/LOD
Holdings
Withdrawn status Lost status Damaged status Not for loan Home library Current library Date acquired Total Checkouts Full call number Barcode Date last seen Uniform Resource Identifier Price effective from Koha item type
        MACL MACL 15/04/2015   100/LOD BOOK CLE12993 29/04/2015 38612 15/04/2015 Books